000 00766nam a22002175i 4500
001 98886
003 ES-MaACL
005 20250824074918.0
007 t|
008 950918s1897 sp ||||1| spa d
040 _aCAM
_bspa
_cCAM
100 1 _aEchegaray, José,
_d1832-1916
_946526
245 1 3 _aEl poder de la impotencia
_b: drama en tres actos y en prosa /
_cpor José Echegaray.
250 _a2ª ed.
260 _aMadrid :
_bFlorencio Fiscowich,
_c1897 (
_fImpr. V. Vela)
300 _a97, [4] p. ;
_c20 cm.
490 1 _aEl Teatro: colección de obras dramáticas y líricas
830 0 3 _aEl teatro: colección de obras dramática y líricas
_9221753
852 _aES-MaACL
_jB-3100(1)
_q. - Ded. autógr. del autor
999 _c98886
_d98886